000 03001nam a22003734i 4500
001 991061596585406706
003 ES-BaIT
005 20260121092847.0
008 260121e202509 sp |||||| 000 d spa|c
017 _aM 2541-2025
_bOficina DL Madrid
020 _a9791387624064
040 _aES-BaIT
_bcat
_erda
_cES-BaIT
080 _a839.7-2"19"
100 _aNorén, Lars,
_d1944-
_eautor
_9137528
245 1 0 _aTrilogía de la vejez /
_cLars Norén ; traducción de Carmen Montes Cano
250 _aPrimera edición
264 1 _aMadrid, España :
_bPunto de Vista Editores,
_cseptiembre 2025
300 _a253 pàgines ;
_c23 cm
336 _atext
_btxt
_2rdacontent
337 _asense mediació
_bn
_2rdamedia
338 _avolum
_bgt
_2rdacarrier
490 1 _aColección Ómnibus Teatro. Obras ;
_v28
505 8 _aConté: Andante ; Música de invierno ; Cenizas
520 _a"En esta trilogía —«Andante», «Música de invierno» y «Cenizas»—, Lars Norén compone un tríptico implacable sobre la vejez, la memoria y la disolución del yo. Ambientadas en espacios de reclusión –una residencia de ancianos, un paisaje nevado, una habitación en penumbra–, estas piezas abordan el último tramo de la vida como un territorio alucinado donde el lenguaje se fractura, los cuerpos se deshacen y los vínculos tambalean entre la ternura y la violencia.La vejez no aparece aquí como una etapa contemplativa, sino como un campo de batalla donde la conciencia se aferra a jirones de identidad, a recuerdos desordenados y a fragmentos de amor o culpa. Los personajes divagan, discuten, se confunden, se insultan y se cuidan en una atmósfera suspendida, marcada por la repetición, el silencio y lo absurdo. Sin redención ni consuelo, Norén convierte la escena en un espejo implacable que refleja el naufragio del tiempo y la persistencia —porfiada, absurda, a veces feroz— de la vida.Con esta edición, se presenta por primera vez en español una de las cimas de la dramaturgia escandinava contemporánea. El teatro de Norén, radical en su honestidad y en su forma, no busca representar la vejez, sino situarnos en ella: en su penumbra, en su fragilidad repetitiva, en su lógica quebrada. Un texto que exige al lector y al espectador una escucha activa, incómoda, pero necesaria. En una época que margina lo vulnerable y medicaliza la muerte, estas obras reabren preguntas que el teatro —todavía— tiene el coraje de sostener." -- Contracoberta
650 0 _aVellesa
_vTextos dramàtics
_9162481
700 1 _iContenidor de (expressió) :
_aNorén, Lars,
_d 1944-
_tAndante.
_lCastellà
_9168100
700 1 _iContenidor de (expressió) :
_aNorén, Lars,
_d1944-
_tVintermusik.
_lCastellà
_9168101
700 1 _iContenidor de (expressió) :
_aNorén, Lars,
_d1944-
_tStoft.
_lCastellà
_9168102
700 _aMontes Cano, Carmen
_etraductor
_9145676
830 0 _aÓmnibus teatro.
_pSerie Obras
_v28
_9156688
908 _aCDMAE
940 _aCDMAE
942 _2udc
_c1
999 _c136901
_d136901